Name the Survivor Season! Quiz Stats

Quiz not verified by Sporcle

Challenge
Share
Tweet
Embed
Score 0/29 Timer 15:00
0 Plays Today
% Correct
Australian Outback
85.8%
Pearl Islands
85%
Nicaragua
84.6%
Palau
83.8%
Guatemala
83%
Philippines
83%
Marquesas
82.6%
Cook Islands
82.6%
Amazon
80.2%
Fans vs. Favorites
79.8%
Vanuatu
75.7%
China
72.5%
Redemption Island
72.5%
San Juan Del Sur
72.1%
Gabon
62.3%
% Correct
All-Stars
61.5%
Heroes vs. Villains
57.1%
Samoa
38.5%
One World
36%
Blood vs. Water
36%
South Pacific
33.6%
Thailand
33.2%
Cagayan- Brawn vs Brain vs Beauty
30.8%
Africa
28.7%
Borneo
28.7%
Tocantins
27.5%
Caramoan- Fans vs. Favorites
23.5%
Fiji
23.1%
Panama: Exile Island
21.5%

You're not logged in!

Compare scores with friends on all Sporcle quizzes.
Join for Free
OR
Log In

You Might Also Like...

Show Comments

Extras

Created Feb 13, 2015ReportNominate
Tags:survivor

Top Quizzes Today


Score Distribution

Your Account Isn't Verified!

In order to create a playlist on Sporcle, you need to verify the email address you used during registration. Go to your Sporcle Settings to finish the process.

Report this User

Report this user for behavior that violates our Community Guidelines.

Details: